Bailemos joropo (Registro nro. 11497)

Detalles MARC
000 -CABECERA
Longitud fija campo de control 00794nam a2200229 a 4500
003 - • IDENTIFICADOR DELl NÚMERO DE CONTROL
Identificador del número de control CO-ViMGA
008 - • CÓDIGOS DE INFORMACIÓN DE LONGITUD FIJA
Códigos de información de longitud fija 141112s2004 ck r 000 u spa d
020 ## - • NÚMERO INTERNACIONAL NORMALIZADO PARA LIBROS
Número Internacional Normalizado para Libros (ISBN) 9589538363
040 ## - FUENTE DE LA CATALOGACIÓN
Centro catalogador de origen CO-ViMGA
Lengua de catalogación spa
Centro transcriptor CO-ViMGA
082 ## - • NÚMERO DE LA CLASIFICACIÓN DECIMAL DEWEY
Número de clasificación (R) Fr973.319 C177b
100 1# - • PUNTO DE ACCESO PRINCIPAL-NOMBRE DE PERSONA
Nombre de persona Carrillo Torres, Jose Abel
245 10 - • TITULO PROPIAMENTE DICHO
Título Bailemos joropo
300 ## - • DESCRIPCIÓN FÍSICA
Extensión 50.p.il.
500 ## - • NOTA GENERAL
Nota general En : Bailemos joropo;
505 ## - • NOTA DE CONTENIDO CON FORMATO
Nota de contenido con formato Joropo. - danza. - Metodo baile del joropo. - Base. - Pasos de desplazamiento. - Pasos de acoplamiento. - Paso eje. - Zapateo basico. - Escobillao. - Figuras. - Trajes típicos. - Folclor. - Biografia.
650 14 - • PUNTO DE ACCESO ADICIONAL DE MATERIA - TÉRMINO DE MATERIA
Término de materia o nombre geográfico como elemento inicial DANZAS - COLOMBIA
650 14 - • PUNTO DE ACCESO ADICIONAL DE MATERIA - TÉRMINO DE MATERIA
Término de materia o nombre geográfico como elemento inicial FOLCLOR LLANERO
650 14 - • PUNTO DE ACCESO ADICIONAL DE MATERIA - TÉRMINO DE MATERIA
Término de materia o nombre geográfico como elemento inicial JOROPO - ENSEÑANZA
942 ## - ENTRADA DE ELEMENTOS AGREGADOS (KOHA)
Fuente de clasificaión o esquema Dewey Decimal Classification
Koha [por defecto] tipo de item LIbro

No hay ítems disponibles.










Instituto Departamental de Cultura del Meta - Red Departamental de Bibliotecas Públicas del Meta.